| 000 | 00453nam a22001817a 4500 | ||
|---|---|---|---|
| 003 | CEME | ||
| 005 | 20210628201713.0 | ||
| 008 | 210201b xxu||||| |||| 00| 0 eng d | ||
| 020 | _a0-600-60717-8 | ||
| 040 | _c. | ||
| 082 | _a645 ATK | ||
| 100 |
_aAtkins, Caroline _956424 |
||
| 245 | _aSmall spaces for modern living | ||
| 260 |
_aNEW YORK _bHAMLYN _c2003 |
||
| 300 | _a192P | ||
| 650 |
_aSMALL SPACES FOR MODERN LIVING _956425 |
||
| 942 |
_cBK _2ddc |
||
| 999 |
_c566847 _d566847 |
||